Nuestra Señora de Guadalupe / (Registro nro. 61487)
[ vista simple ]
| 000 -LEADER | |
|---|---|
| fixed length control field | 00879cam a2200277 i 4500 |
| 001 - CONTROL NUMBER | |
| control field | 61487 |
| 003 - CONTROL NUMBER IDENTIFIER | |
| control field | Mx-PuUPA |
| 005 - DATE AND TIME OF LATEST TRANSACTION | |
| control field | 20241206111659.0 |
| 008 - FIXED-LENGTH DATA ELEMENTS--GENERAL INFORMATION | |
| fixed length control field | 141003s1998 mx a gr 000 0 spa d |
| 020 ## - INTERNATIONAL STANDARD BOOK NUMBER | |
| International Standard Book Number | 9706411968 |
| 040 ## - CATALOGING SOURCE | |
| Original cataloging agency | Mx-PuUPA |
| Language of cataloging | spa |
| Transcribing agency | Mx-PuUPA |
| Modifying agency | Mx-PuUPA |
| Description conventions | rda |
| 041 0# - LANGUAGE CODE | |
| Language code of text/sound track or separate title | spa |
| 100 1# - MAIN ENTRY--PERSONAL NAME | |
| Personal name | Flores Segura, Joaquín, |
| Relator term | autor |
| 245 10 - TITLE STATEMENT | |
| Title | Nuestra Señora de Guadalupe / |
| Statement of responsibility, etc. | Joaquín Flores Segura |
| 250 ## - EDITION STATEMENT | |
| Edition statement | 2a. edición |
| 264 #1 - PRODUCTION, PUBLICATION, DISTRIBUTION, MANUFACTURE, AND COPYRIGHT NOTICE | |
| Place of production, publication, distribution, manufacture | México, D. F. : |
| Name of producer, publisher, distributor, manufacturer | Editorial Progreso, |
| Date of production, publication, distribution, manufacture, or copyright notice | 1998 |
| 300 ## - PHYSICAL DESCRIPTION | |
| Extent | 72 páginas : |
| Other physical details | ilustraciones (en color) ; |
| Dimensions | 23 cm |
| 336 ## - CONTENT TYPE | |
| Content type term | texto |
| Fuente | rdacontent |
| Content type code | txt |
| 337 ## - MEDIA TYPE | |
| Media type term | sin medio |
| Source | rdamedia |
| Media type code | n |
| 338 ## - CARRIER TYPE | |
| Carrier type term | volumen |
| Source | rdacarrier |
| Carrier type code | nc |
| 545 1# - BIOGRAPHICAL OR HISTORICAL DATA | |
| Biographical or historical data | Reimpresiones: (1a.). |
| 600 04 - SUBJECT ADDED ENTRY--PERSONAL NAME | |
| Personal name | Virgen María |
| General subdivision | Apariciones y milagros |
| 942 ## - ADDED ENTRY ELEMENTS (KOHA) | |
| Source of classification or shelving scheme | Dewey Decimal Classification |
| Koha item type | Libro |
| Classification part | 232.917 |
| Item part | F62 |
| Withdrawn status | Lost status | Source of classification or shelving scheme | Damaged status | Not for loan | Collection code | Home library | Current library | Shelving location | Date acquired | Source of acquisition | Total Checkouts | Full call number | Barcode | Date last seen | Price effective from | Koha item type |
|---|---|---|---|---|---|---|---|---|---|---|---|---|---|---|---|---|
| Dewey Decimal Classification | General | Centro de Estudios Guadalupanos | Centro de Estudios Guadalupanos | Sala general | 03/10/2014 | Compra | 232.917 F62 1998 | 92470 | 05/01/2026 | 10/10/2014 | Libro |